<?xml version="1.0" encoding="UTF-8"?>
<record
    xmlns:xsi="http://www.w3.org/2001/XMLSchema-instance"
    xsi:schemaLocation="http://www.loc.gov/MARC21/slim http://www.loc.gov/standards/marcxml/schema/MARC21slim.xsd"
    xmlns="http://www.loc.gov/MARC21/slim">

  <leader>01088nam a2200277 a 4500</leader>
  <controlfield tag="003">CO-ViMGA</controlfield>
  <controlfield tag="005">20230915234236.0</controlfield>
  <controlfield tag="008">120928s2011    at a   gr     00010 spa d</controlfield>
  <datafield tag="020" ind1=" " ind2=" ">
    <subfield code="a">9789583037283</subfield>
  </datafield>
  <datafield tag="040" ind1=" " ind2=" ">
    <subfield code="a">CO-ViMGA</subfield>
    <subfield code="b">spa</subfield>
    <subfield code="c">CO-ViMGA</subfield>
  </datafield>
  <datafield tag="082" ind1="0" ind2="4">
    <subfield code="a">611 </subfield>
    <subfield code="b">C83a8 </subfield>
    <subfield code="2">20</subfield>
  </datafield>
  <datafield tag="245" ind1="0" ind2="3">
    <subfield code="a">El cuerpo humano : </subfield>
    <subfield code="b">manual de identificaci&#xF3;n : conozca su cuerpo y c&#xF3;mo trabaja / </subfield>
    <subfield code="c">consultor en jefe Ken Ashwell ; editor Roz Hopkins ; ilustradores David Carroll ... [et al.] ; traducci&#xF3;n al espa&#xF1;ol Fernando Noguera Arrieta.</subfield>
  </datafield>
  <datafield tag="260" ind1=" " ind2=" ">
    <subfield code="a">[Canberra?] : </subfield>
    <subfield code="b">Panamericana Editorial, </subfield>
    <subfield code="c">2011.</subfield>
  </datafield>
  <datafield tag="300" ind1=" " ind2=" ">
    <subfield code="a">304 p. : </subfield>
    <subfield code="b">il. ; </subfield>
    <subfield code="c">28 cm.</subfield>
  </datafield>
  <datafield tag="500" ind1=" " ind2=" ">
    <subfield code="a">Glosario : p. 288-291.</subfield>
  </datafield>
  <datafield tag="500" ind1=" " ind2=" ">
    <subfield code="a">Incluye &#xED;ndice.</subfield>
  </datafield>
  <datafield tag="650" ind1="1" ind2="4">
    <subfield code="a">Cuerpo humano</subfield>
    <subfield code="v"> Atlas.</subfield>
    <subfield code="9">6159</subfield>
  </datafield>
  <datafield tag="650" ind1="1" ind2="4">
    <subfield code="a">Organos (Anatom&#xED;a)</subfield>
    <subfield code="v"> Atlas.</subfield>
    <subfield code="9">6160</subfield>
  </datafield>
  <datafield tag="650" ind1="1" ind2="4">
    <subfield code="a">Anatom&#xED;a humana</subfield>
    <subfield code="v"> Atlas.</subfield>
    <subfield code="9">1255</subfield>
  </datafield>
  <datafield tag="650" ind1="1" ind2="4">
    <subfield code="a">Fisiolog&#xED;a humana</subfield>
    <subfield code="v"> Atlas.</subfield>
    <subfield code="9">6158</subfield>
  </datafield>
  <datafield tag="700" ind1="1" ind2=" ">
    <subfield code="a">Ashwell, Ken W. S..</subfield>
    <subfield code="9">6161</subfield>
  </datafield>
  <datafield tag="700" ind1="1" ind2=" ">
    <subfield code="a">Carroll, David, </subfield>
    <subfield code="e">il.</subfield>
    <subfield code="9">6162</subfield>
  </datafield>
  <datafield tag="700" ind1="1" ind2=" ">
    <subfield code="a">Hopkins, Roz, </subfield>
    <subfield code="e">ed.</subfield>
    <subfield code="9">6163</subfield>
  </datafield>
  <datafield tag="700" ind1="1" ind2=" ">
    <subfield code="a">Noguera Arrieta, Fernando, </subfield>
    <subfield code="e">tr.</subfield>
    <subfield code="9">6164</subfield>
  </datafield>
  <datafield tag="942" ind1=" " ind2=" ">
    <subfield code="2">ddc</subfield>
    <subfield code="c">BK</subfield>
  </datafield>
  <datafield tag="999" ind1=" " ind2=" ">
    <subfield code="c">37457</subfield>
    <subfield code="d">37457</subfield>
  </datafield>
  <datafield tag="952" ind1=" " ind2=" ">
    <subfield code="0">0</subfield>
    <subfield code="1">0</subfield>
    <subfield code="2">ddc</subfield>
    <subfield code="4">0</subfield>
    <subfield code="7">0</subfield>
    <subfield code="8">002</subfield>
    <subfield code="a">MEVIECAR</subfield>
    <subfield code="b">MEVIECAR</subfield>
    <subfield code="d">2016-09-15</subfield>
    <subfield code="l">2</subfield>
    <subfield code="o">611 C83a8 </subfield>
    <subfield code="p">31101</subfield>
    <subfield code="r">2017-10-09 00:00:00</subfield>
    <subfield code="s">2017-09-30</subfield>
    <subfield code="t">Ej. 1</subfield>
    <subfield code="w">2016-09-15</subfield>
    <subfield code="y">BK</subfield>
  </datafield>
</record>
